| 000 | 01287cam a22003617a 4500 | ||
|---|---|---|---|
| 999 |
_c328442 _d328442 |
||
| 001 | 14665053 | ||
| 003 | Nust | ||
| 005 | 20170407112030.0 | ||
| 008 | 061211s2006 enka b 001 0 eng | ||
| 010 | _a 2006491874 | ||
| 016 | 7 |
_a013371262 _2Uk |
|
| 020 | _a9780335218417 (pbk.) | ||
| 020 | _a0335218415 (pbk.) | ||
| 035 | _a(CStRLIN)NYUGB13303991-B | ||
| 035 | _a(NNU)NYUb13303991 | ||
| 035 | _a(NYU)NYUb13303991 | ||
| 035 | _a(OCoLC)ocm62796804 | ||
| 040 |
_aUKM _cUKM _dBAKER _dNNU _dDLC |
||
| 042 | _alccopycat | ||
| 050 | 0 | 0 | _b.L36 2006 |
| 082 | 0 | 4 |
_a362.1 LAN _222 |
| 100 | 1 | _aLandon, Megan. | |
| 245 | 1 | 0 |
_aEnvironment, health and sustainable development / _cMegan Landon. |
| 260 |
_aMaidenhead : _bOpen University Press, _c2006. |
||
| 300 |
_axiii, 221 p. : _bill. ; _c24 cm. |
||
| 440 | 0 | _aUnderstanding public health | |
| 500 | _aP.B | ||
| 504 | _aIncludes bibliographical references and index. | ||
| 505 | 0 | _aHealth and the environment -- Environmental quality -- Global issues. | |
| 650 | 0 | _aEnvironmental health. | |
| 650 | 0 | _aSustainable development. | |
| 906 |
_a7 _bcbc _ccopycat _d2 _encip _f20 _gy-gencatlg |
||
| 942 |
_2ddc _cBK _k362.1 LAN |
||